000 00910nam a2200253 a 4500
001 000037948
003 DO-SdBNP
005 20251022101015.0
008 130311s2006 dr r 000 0 spa d
040 _aDO-SdBNP
_bspa
_cBNPHU
082 4 _a352.48
_bR426m, 2006
_222
110 1 _aRepública Dominicana
_bSecretariado Técnico de la Presidencia
_932024
245 1 0 _aManual de clasificadores presupuestarios del sector público.
250 _a4a ed.
260 _aSanto Domingo :
_bOficina Nacional de Presupuesto,
_c2006.
300 _a197 p. ;
_c23 cm.
590 _aInventariado, 2018/BT
650 0 _aFinanzas públicas
_932168
650 4 _aPresupuesto
_zRepública Dominicana
_97940
650 4 _aRepública dominicana
_xCondiciones económicas
_910259
650 4 _aGastos públicos
_zRepública Dominicana
_96405
651 4 _aRepública Dominicana
_xPolítica Económica
_9643
942 _2ddc
_cLBS1
999 _c37438
_d37438